| 000 -NÁVESTIE |
| fixed length control field |
00433nam a2200157 4500 |
| 008 - ÚDAJE S PEVNOU DĹŽKOU – VŠEOBECNÉ INFORMÁCIE |
| fixed length control field |
191125s2010||||xo d |
| 020 ## - MEDZINÁRODNÉ ŠTANDARDNÉ ČÍSLO KNIHY (ISBN) |
| Medzinárodné štandardné číslo knihy (ISBN) |
9788081190261 |
| Údaje o dostupnosti |
16,40 |
| 041 1# - KÓD JAZYKA |
| Kód jazyka textu/zvukovej stopy alebo samostatných nápisov |
slo |
| 044 ## - KÓD KRAJINY VYDAVATEĽA/PRODUCENTA |
| Kód krajiny MARC |
xo |
| Kód krajiny ISO |
SK |
| 100 1# - OSOBNÉ MENÁ – VŠEOBECNÉ INFORMÁCIE |
| Osobné meno |
Stanislavová Zuzana |
| -- |
1453 |
| 245 10 - NÁZOV |
| Názov |
Dejiny slovenskej literatúry pre deti a mládež po roku 1960 |
| 250 ## - ÚDAJ O PORADÍ VYDANIA |
| Údaj o poradí vydania |
1.vydanie |
| 260 ## - VYDAVATEĽSKÉ ÚDAJE, DISTRIBÚCIA ATĎ. |
| Názov vydavateľa, distibútora atď. |
LIC |
| Miesto publikovania, distribúcie atď. |
Bratislava |
| Dátum publikovania, distribúcie atď. |
2010 |
| 300 ## - FYZICKÝ POPIS |
| Rozsah |
318s. |
| 700 1# - PRIDANÝ VSTUP – OSOBNÉ MENO |
| Osobné meno |
a kol. autorov |
| -- |
1454 |